LEADER 01216nas 2200409- 450 001 996321141303316 005 20200911053912.3 011 $a2250-4397 035 $a(OCoLC)987452671 035 $a(CKB)3710000000731253 035 $a(CONSER)--2017268593 035 $a(EXLCZ)993710000000731253 100 $a20170409a20119999 o-- b 101 0 $aspa 135 $aur|n||||||||| 181 $ctxt$2rdacontent 182 $cc$2rdamedia 183 $acr$2rdacarrier 200 00$aEstudios del ISHiR 210 1$aRosario, Argentina :$cUnidad Ejecutora en Red ISHiR - CONICET,$d2011- 215 $a1 online resource 300 $aRefereed/Peer-reviewed 517 1 $aEstudios del Investigaciones Socio-Históricas Regionales 531 0 $aEstud. ISHiR 606 $aSociology$zArgentina$vPeriodicals 606 $aSociology$2fast$3(OCoLC)fst01123875 607 $aArgentina$2fast 608 $aElectronic journals. 608 $aPeriodicals.$2fast 610 $aSocial Conditions 615 0$aSociology 615 7$aSociology. 712 02$aISHIR-CONICET (Research institute), 906 $aJOURNAL 912 $a996321141303316 996 $aEstudios del ISHiR$92578129 997 $aUNISA LEADER 01238nas 2200409- 450 001 996321045203316 005 20230125213019.0 011 $a2668-4217 035 $a(DE-599)ZDB3069487-5 035 $a(OCoLC)1118511595 035 $a(CKB)4100000009049722 035 $a(CONSER)--2020204997 035 $a(EXLCZ)994100000009049722 100 $a20190820a20199999 --- a 101 0 $aeng 135 $aurunu|||||||| 181 $ctxt$2rdacontent 182 $cc$2rdamedia 183 $acr$2rdacarrier 200 00$aActa marisiensis$iSeria technologica 210 1$a[Romania] :$c[University Press] 215 $a1 online resource 300 $aRefereed/Peer-reviewed 606 $aEngineering$vPeriodicals 606 $aEngineering$xResearch$vPeriodicals 606 $aEngineering$2fast$3(OCoLC)fst00910312 606 $aEngineering$xResearch$2fast$3(OCoLC)fst00910387 608 $aPeriodicals$2fast 615 0$aEngineering 615 0$aEngineering$xResearch 615 7$aEngineering 615 7$aEngineering$xResearch. 712 02$aUniversitatea de Medicin? s?i Farmacie din Târgu-Mures?, 906 $aJOURNAL 912 $a996321045203316 996 $aActa marisiensis$92178269 997 $aUNISA